00657nam a2200181 a 450000100100000000500170001000800410002704000250006808200150009310000340010824500740014226000610021630000200027770000390029704900090033695201130034599900170045800002883420240301073829.0110412nuuuuuuuudr 000 p spa d aDO-SdBNPbspacBNPHU axxxbS961r1 aSuriñach, Ramón A.95582310aRutas de sol /cRamón A. Suriñach ; introducción de Tony Raful. aSanto Domingo :b[s.n.],c[19--?].f(Editora Suplemento) a27 p. ;c21 cm.1 aRaful, Tony,d1951-eintrod.91377 aBNPD 0010718PDaPDbPDcCTd2011-04-12iLF1l0oxxx S961rp28834-10r2020-06-25w2020-06-25yLFPDZNo se presta c28326d28326